| 000 | 00969cam a2200265 a 4500 | ||
|---|---|---|---|
| 001 | 000011172 | ||
| 005 | 20200929162358.0 | ||
| 008 | 800424s1979 mau b 001 0 eng d | ||
| 020 | _a0316771007 | ||
| 040 |
_aDO-SdBNP _cDLC _dDLC _dBNPHU |
||
| 043 | _an-us--- | ||
| 082 |
_a612.6 _bS247s |
||
| 100 | 1 |
_aSarrel, Lorna J., _926689 |
|
| 245 | 1 | 0 |
_aSexual unfolding : _bsexual development and sex therapies in late adolescence / _cLorna J. Sarrel, Philip M. Sarrel ; with a foreword by Ruth W. Lidz and Theodore Lidz. |
| 260 |
_aBoston : _bLittle, Brown and Company, _c1979. |
||
| 300 |
_axv, 354 p. ; _c24 cm. |
||
| 504 | _aIncludes bibliographical references | ||
| 500 | _aIncludes index | ||
| 650 | 4 |
_aCiclos biológicos _zUnited States. _926690 |
|
| 650 | 4 |
_aSexo _xEn la adolescencia _zEstados Unidos _926691 |
|
| 650 | 4 |
_aTerapia sexual _926692 |
|
| 700 | 1 |
_aSarrel, Philip M., _d1937- _ejoint author. _926693 |
|
| 910 | _aCatalogación derivada | ||
| 049 | _aBNGR | ||
| 999 |
_c10897 _d10897 |
||